Normal view
MARC view
- Herbert J.Reich
Entry Personal Name
001 - CONTROL NUMBER
- control field: 103801
003 - CONTROL NUMBER IDENTIFIER
- control field: NUST
005 - DATE AND TIME OF LATEST TRANSACTION
- control field: 20221129183328.0
008 - FIXED-LENGTH DATA ELEMENTS
- fixed length control field: 221129|| aca||aabn | a|a d
040 ## - CATALOGING SOURCE
- Original cataloging agency: NUST
- Transcribing agency: NUST
100 ## - HEADING--PERSONAL NAME
- Personal name: Herbert J.Reich
670 ## - SOURCE DATA FOUND
- Source citation: Work cat.: (NUST)182207: Herbert J.Reich, Theory and applications of electron tubes, 1944
